| 000 | 00473nam a2200157Ia 4500 | ||
|---|---|---|---|
| 003 | OSt | ||
| 005 | 20200606102644.0 | ||
| 008 | 190216s9999||||xx |||||||||||||| ||und|| | ||
| 040 | _coclc | ||
| 082 |
_a327 _bGUP/I |
||
| 100 |
_aGupta, Madan Gopal _9562 |
||
| 245 | 0 |
_aInternational Relations Since 1945 / _cMadan Gopal Gupta |
|
| 260 |
_bChaitanya Publishing House, _c1986. _aAllahabad: |
||
| 300 | _a360p | ||
| 942 |
_cBK _2ddc _h327 _iGUP/I _k327 _mGUP/I |
||
| 999 |
_c19865 _d19865 |
||